|
|
|
|
| LEADER |
00000nab a2200000 a 4500 |
| 001 |
vtls001509149 |
| 003 |
SK-MaSNL |
| 005 |
20260303165454.0 |
| 008 |
050227s2000 xo 000 0 slo |
| 035 |
|
|
|a SPKCL11476
|
| 040 |
|
|
|a SPKCL
|b slo
|c SNKBUCL
|d ÚIP-SPK(IC)
|e AACR2
|
| 041 |
|
|
|a slo
|
| 044 |
|
|
|a xo
|c SK
|
| 080 |
|
|
|a 004:371.68/.69
|2 1981
|
| 100 |
1 |
|
|a Ligas, Štefan
|4 aut
|9 40322
|
| 245 |
1 |
0 |
|a Edukácia na prelome milénia
|c Štefan Ligas; Eva Balážová
|
| 520 |
|
|
|a Autori analyzujú technické vybavenie škôl a ich materiálnu pripravenosť na využívanie nových informačných technológií. Zaoberajú sa perspektívami výchovno-vzdelávacieho procesu v súvislosti so zavádzaním nových postupov a technických prostriedkov v učení sa a vyučovaní.
|
| 655 |
|
7 |
|a BZB
|2 snkbucl
|9 1080216
|
| 700 |
1 |
1 |
|a Balážová, Eva
|4 aut
|9 5525
|
| 773 |
1 |
|
|t Cesty demokracie vo výchove a vzdelávaní : Zborník z konferencie,
|g Iuventa s. 93-98
|
| 850 |
|
|
|a Slovenská pedagogická knižnica Bratislava
|
| 852 |
|
|
|a SPKCL
|b KIS3GCP
|b 000710000
|n SK
|
| 999 |
|
|
|c 2071924
|d 2073854
|